书目信息 |
| 题名: |
棚车少年
|
|
| 作者: | 华娜 著 ;汪泓 译 | |
| 分册: | 3 黄色小屋的秘密 | |
| 出版信息: | 长沙 湖南少年儿童出版社 2021.12 |
|
| 页数: | 261页 | |
| 开本: | 21cm | |
| 丛书名: | 棚车少年 | |
| 单 册: | ||
| 中图分类: | H319.4:I712.84 , H319.4:I | |
| 科图分类: | ||
| 主题词: | 儿童小说--er tong xiao shuo--长篇小说--美国--现代--英语--汉语--对照读物 | |
| 电子资源: | ||
| ISBN: | 978-7-5562-6013-3 | |
| 000 | 01423nam 2200325 450 | |
| 001 | 28475 | |
| 005 | 20221009195023.06 | |
| 010 | @a978-7-5562-6013-3@dCNY26.80 | |
| 100 | @a20220308d2021 cemy0chiy50 ea | |
| 101 | 1 | @achi@aeng@ceng |
| 102 | @aCN@b430000 | |
| 105 | @aa z 000ay | |
| 200 | 1 | @a棚车少年@Apeng che shao nian@h3@d= The boxcar children@h3@i黄色小屋的秘密@f(美) 钱德勒·华娜著@g汪泓译@zeng |
| 210 | @a长沙@c湖南少年儿童出版社@d2021.12 | |
| 215 | @a261页@c图@d21cm | |
| 225 | 2 | @a棚车少年@Apeng che shao nian@h第一辑 |
| 300 | @a小博集 中英双语 | |
| 312 | @a原文其他题名取自版权页 | |
| 314 | @a钱德勒·华娜 (1890-1979), 美国儿童文学作家, 曾在第一次世界大战期间担任小学教师, 深知孩子们喜欢什么样的阅读, 需要什么样的阅读。 | |
| 330 | @a奥尔登家四个可爱的孩子与爷爷共同生活在一座大房子里。孩子们的爸爸和妈妈好几年前就不幸去世了。他们的叔叔乔也住在这里。尽管乔已经是个大人了, 但孩子们却觉得他童心未泯…… | |
| 410 | 0 | @12001 @a棚车少年@h第一辑 |
| 500 | 10 | @aBoxcar children@h3@iYellow house mystery@mChinese |
| 517 | 1 | @a黄色小屋的秘密@Ahuang se xiao wu de mi mi |
| 606 | 0 | @a儿童小说@Aer tong xiao shuo@x长篇小说@y美国@z现代@x英语@x汉语@j对照读物 |
| 690 | @aH319.4:I712.84@v5 | |
| 690 | @aH319.4:I@v4 | |
| 701 | 1 | @a华娜@Ahua na@g(Warner, Gertrude Chandler),@f1890-1979@4著 |
| 702 | 0 | @a汪泓@Awang hong@4译 |
| 801 | 0 | @aCN@c20220910 |
| 905 | @a河南城建学院图书馆@dH319.4:I@eH682:3@f3 | |
| 棚车少年.3= The boxcar children.3.黄色小屋的秘密/(美) 钱德勒·华娜著/汪泓译.-长沙:湖南少年儿童出版社,2021.12 |
| 261页:图;21cm.-(棚车少年.第一辑) |
| 小博集 中英双语 |
| ISBN 978-7-5562-6013-3:CNY26.80 |
| 奥尔登家四个可爱的孩子与爷爷共同生活在一座大房子里。孩子们的爸爸和妈妈好几年前就不幸去世了。他们的叔叔乔也住在这里。尽管乔已经是个大人了, 但孩子们却觉得他童心未泯…… |
| ● |
| 相关链接 |
|
|
|
正题名:棚车少年
索取号:H319.4:I/H682:3
 
预约/预借
| 序号 | 登录号 | 条形码 | 馆藏地/架位号 | 状态 | 备注 |
| 1 | 1581503 | 215815036 | 语言库209/209语言库 53排4列4层/ [索取号:H319.4:I/H682:3] | 在馆 | |
| 2 | 1581504 | 215815045 | 语言库209/209语言库 53排4列4层/ [索取号:H319.4:I/H682:3] | 在馆 | |
| 3 | 1582824 | 215828246 | 语言库209/209语言库 53排4列4层/ [索取号:H319.4:I/H682:3] | 在馆 |